Statistiken für Allgemeinwissen leicht #3

Klicken Sie hier um das Quiz zu spielen!

Allgemein

  • Dieses Quiz wurde 949 mal gespielt
    (759 seit der letzten Aktualisierung)
  • Das Durchschnittsergebnis liegt bei 18 aus 20

Antwortstatistiken

HintAntwort% Korrekt
In welcher Stadt steht der Eiffelturm?Paris
100%
Ist 12 gerade oder ungerade?gerade
97%
Leben Pinguine am Nord- oder Südpol?Südpol
96%
Wie oft wurde Deutschland Fußballweltmeister?4
95%
Was ist das Symbol von Wasserstoff?H
95%
Wie heißt der längste Fluss in Afrika?Nil
94%
Welche Wüste erstreckt sich über Nordafrika von Ägypten bis nach Marokko?Sahara
94%
Welcher ist der zweitnäheste Planet zur Sonne?Venus
94%
Wie viele Saiten hat eine Gitarre?6
93%
Aus welchem Land stammt Justin Bieber?Kanada
93%
Welches ist das einzige deutsche Bundesland dessen Name mit "M" beginnt?Mecklenburg-Vorpommern
93%
In welchem Jahr endete der zweite Weltkrieg?1945
92%
In welchem Film von Steven Spielberg aus dem Jahr 1993 werden Dinosaurier zum Leben erweckt?Jurassic Park
92%
Welches berühmte Wahrzeichen New Yorks war ein Geschenk Frankreichs?die Freiheitsstatue
91%
Wer ist Bundeskanzler von Deutschland?Olaf Scholz
88%
Welche See grenzt an Großbritannien, die Niederlande und Dänemark?Nordsee
83%
Welches papierähnliche Schreibmaterial wurde von den antiken Ägyptern verwendet?Papyrus
79%
Wie viel Minuten hat ein Tag?1440
78%
Wer startete die protestantische Reformation?Martin Luther
74%
Was für ein Transportmittel war die "Hindenburg"?Zeppelin
63%

Verteilung der Resultate

Perzentil nach korrekt beantworteten Fragen

Anzahl Personen mit jedem Resultat

Ihre Resultats-Entwicklung

Sie haben dieses Quiz seit der letzten Aktualisierung nicht gespielt